| 000 | 00671nam a2200205Ii 4500 | ||
|---|---|---|---|
| 003 | JO-AjNU | ||
| 008 | 230606s9999||||xx |||||||||||||| ||und|| | ||
| 017 | _a1848/5/2010 | ||
| 040 |
_aJO-AjNU _beng _erda _cJO-AjNU |
||
| 041 | _aeng | ||
| 050 | 1 | 4 | _aPJ6640.E82 2012 |
| 100 | 3 |
_aEtaywe, Awni S عوني شاتي العطيوي, _eauthor _93687 |
|
| 245 | 0 | 0 | _aPetra Treasury: Of Essential Idioms Indispensable for home, office, class and travel |
| 264 | 3 | 1 | _aAmman: Awni S.Etaywe, 2012 |
| 300 | _a207P | ||
| 336 |
_atext _btxt _2rdacontent |
||
| 337 |
_aunmediated _bn _2rdamedia |
||
| 338 |
_avolume _bnc _2rdacarrier |
||
| 650 | 4 |
_aEnglish Language - Dictionary _93688 |
|
| 999 |
_aE1923 _c1923 _d1923 |
||